Statistics for Countries Closest to Germany - 30 Second Sprint

Click here to take the quiz!

General Stats

  • This quiz has been taken 42 times
  • The average score is 11 of 20

Answer Stats

kmcountrymiles% Correct
0Belgium0
86%
0Denmark0
86%
0France0
86%
0Netherlands0
86%
0Austria0
83%
0Poland0
83%
0Czechia0
72%
72Sweden45
69%
0Switzerland0
69%
0Luxembourg0
67%
45Italy28
56%
295United Kingdom184
56%
224Slovakia139
53%
33Liechtenstein20
50%
327Norway203
50%
221Hungary137
39%
357Russia222
17%
118Slovenia73
17%
222Croatia138
3%
331Bosnia and Herzegovina205
0%

Score Distribution

Percentile by Number Answered

Percent of People with Each Score

Your Score History

You have not taken this quiz